<?xml version="1.0" encoding="UTF-8"?>
<record
    xmlns:xsi="http://www.w3.org/2001/XMLSchema-instance"
    xsi:schemaLocation="http://www.loc.gov/MARC21/slim http://www.loc.gov/standards/marcxml/schema/MARC21slim.xsd"
    xmlns="http://www.loc.gov/MARC21/slim">

  <leader>00695n   a2200229 a 4500</leader>
  <controlfield tag="001">171</controlfield>
  <controlfield tag="003">OSt</controlfield>
  <controlfield tag="005">20220210162242.0</controlfield>
  <controlfield tag="008">220210b        |||||||| |||| 00| 0 eng d</controlfield>
  <datafield tag="022" ind1=" " ind2=" ">
    <subfield code="a">09711554</subfield>
  </datafield>
  <datafield tag="245" ind1=" " ind2=" ">
    <subfield code="a">JOURNAL OF QUANTITATIVE ECONOMICS</subfield>
  </datafield>
  <datafield tag="260" ind1=" " ind2=" ">
    <subfield code="a">New Delhi</subfield>
    <subfield code="b">Springer (India) Private Limeted</subfield>
  </datafield>
  <datafield tag="270" ind1=" " ind2=" ">
    <subfield code="a">7th Floor, Vijaya Building, 17, Barakhamba Road, New Delhi 110001, India</subfield>
    <subfield code="b">New Delhi</subfield>
    <subfield code="d">India</subfield>
    <subfield code="m">customerservice@springer.com</subfield>
  </datafield>
  <datafield tag="362" ind1=" " ind2=" ">
    <subfield code="a">16</subfield>
  </datafield>
  <datafield tag="400" ind1=" " ind2=" ">
    <subfield code="f">1</subfield>
  </datafield>
  <datafield tag="410" ind1=" " ind2=" ">
    <subfield code="f">2018</subfield>
  </datafield>
  <datafield tag="653" ind1=" " ind2=" ">
    <subfield code="a">Economics</subfield>
  </datafield>
  <datafield tag="653" ind1=" " ind2=" ">
    <subfield code="a">Mathematical Economics</subfield>
  </datafield>
  <datafield tag="653" ind1=" " ind2=" ">
    <subfield code="a">Econometrics</subfield>
  </datafield>
  <datafield tag="856" ind1=" " ind2=" ">
    <subfield code="u">https://link.springer.com/journal/40953/volumes-and-issues</subfield>
  </datafield>
  <datafield tag="942" ind1=" " ind2=" ">
    <subfield code="2">ddc</subfield>
    <subfield code="c">JR</subfield>
    <subfield code="s">1</subfield>
  </datafield>
  <datafield tag="999" ind1=" " ind2=" ">
    <subfield code="c">23912</subfield>
    <subfield code="d">23912</subfield>
  </datafield>
  <datafield tag="952" ind1=" " ind2=" ">
    <subfield code="0">0</subfield>
    <subfield code="1">0</subfield>
    <subfield code="2">ddc</subfield>
    <subfield code="4">0</subfield>
    <subfield code="5">1</subfield>
    <subfield code="7">1</subfield>
    <subfield code="a">CURAJ</subfield>
    <subfield code="b">CURAJ</subfield>
    <subfield code="d">2023-04-03</subfield>
    <subfield code="h">17(1-4), MAR, JUN., SEPT., DEC., 2019</subfield>
    <subfield code="l">0</subfield>
    <subfield code="p">BV757</subfield>
    <subfield code="r">2023-04-03</subfield>
    <subfield code="w">2023-04-03</subfield>
    <subfield code="y">JR</subfield>
  </datafield>
  <datafield tag="952" ind1=" " ind2=" ">
    <subfield code="0">0</subfield>
    <subfield code="1">0</subfield>
    <subfield code="2">ddc</subfield>
    <subfield code="4">0</subfield>
    <subfield code="5">1</subfield>
    <subfield code="7">1</subfield>
    <subfield code="a">CURAJ</subfield>
    <subfield code="b">CURAJ</subfield>
    <subfield code="d">2023-04-17</subfield>
    <subfield code="h">18(1-4), MAR, JUN., SEPT., DEC., 2020</subfield>
    <subfield code="l">0</subfield>
    <subfield code="p">BV758</subfield>
    <subfield code="r">2023-04-17</subfield>
    <subfield code="w">2023-04-17</subfield>
    <subfield code="y">JR</subfield>
  </datafield>
</record>
